LDR 00821naa#a2200193#i#450# 001 EN\\bibl\115653 005 20260606224104.6 011 ## _a0536-101X 100 ## _a20251031b2025####ek#y0engy0150####ca 101 0# _aRUS 102 ## _aRU 200 1# _aOn the Determination of the Direction Cosines of the Sighting Beam Vector in the Coordinate Systems of Various Cameras (Sensors) _eJournal article 210 1# _aMoscow _cMIIGAiK _d2025 215 ## _a7 с. 608 ## _aJournal article _2local 675 ## _aДистанционное зондирование. Методы и приборы. 528.8 _zRUS 686 ## _aПрикладная геодезия. Прикладные применения аэросъемки и фотограмметрии. 36.23 _2grnti 700 #1 _aKozin _gEvgeniy Vyacheslavovich 856 4# _amiigaik.editorum.ru _u